[Event "San Jose 1000 GM Spring Break 1B"]
[Site "San Jose"]
[Date "2024.03.29"]
[Round "1.3"]
[White "Sawhney, Yuvraj Singh"]
[Black "Rodi, Luis Ernesto"]
[Result "0-1"]
[WhiteElo "1846"]
[BlackElo "2193"]
[PlyCount "64"]
[EventDate "2024.03.29"]
[EventType "schev"]
[EventRounds "5"]
[EventCountry "USA"]
[SourceTitle "CB16_2024"]
[SourceDate "2024.04.17"]
[SourceVersion "1"]
[SourceVersionDate "2024.04.17"]
[SourceQuality "1"]

1. e4 d6 2. d4 Nf6 3. Bd3 e5 4. Nf3 c6 5. c4 Nbd7 6. Nc3 Be7 7. 0-0 0-0 8. h3 Re8 9. b3 Bf8 10. Bb2 Nh5 11. Ne2 Qf6 12. Qc2 b6 13. Nh2 Qg5 14. f4 exf4 15. Rf3 c5 16. dxc5 Ne5 17. Bxe5 dxe5 18. cxb6 axb6 19. Nf1 Bc5+ 20. Kh2 Bg4 21. hxg4 Ng3 22. Rxg3 fxg3+ 23. Kxg3 h5 24. Nh2 Qe3+ 25. Nf3 hxg4 26. Kxg4 Re6 27. Qd2 Rg6+ 28. Kh3 Qf2 29. Rg1 Rd8 30. Nxe5 Rh6+ 31. Kg4 Rh4+ 32. Kg5 Be7# 0-1